[Event "AUTO-INT-669"]
[Site "http://www.queenalice.com/game.php?id=296051"]
[Date "2007.10.31"]
[Round "1"]
[White "renan_lelis"]
[Black "ricardosf"]
[Result "1-0"]
[WhiteElo "1331"]
[BlackElo "1371"]

1. e3 d6 2. b3 g6 3. Bb2 f6 4. h4 h5 5. g3 Bg4 6. f3 Bf5 7. e4 Be6 8. a4 f5 9.
Bxh8 fxe4 10. fxe4 Bg4 11. Be2 Bxe2 12. Qxe2 Bh6 13. Nf3 Nc6 14. Nd4 Nxd4 15.
Bxd4 c5 16. Be3 Bxe3 17. dxe3 Qa5+ 18. Nd2 Qc3 19. O-O Qxc2 20. Rad1 O-O-O 21.
g4 hxg4 22. Qxg4+ Kc7 23. Qxg6 Qd3 24. h5 Qxe3+ 25. Kg2 Qh6 26. Nf3 Qxg6+ 27.
hxg6 a6 28. Kh2 Nf6 29. Ng5 Rh8+ 30. Kg2 Ng4 31. Rde1 Rh2+ 32. Kg3 Rf2 33. Rxf2
Nxf2 34. Kxf2 b5 35. g7 bxa4 36. bxa4 c4 37. g8=Q 1-0

[Event "AUTO-INT-669"]
[Site "http://www.queenalice.com/game.php?id=296060"]
[Date "2007.10.31"]
[Round "1"]
[White "renan_lelis"]
[Black "SGrillo"]
[Result "0-1"]
[WhiteElo "1406"]
[BlackElo "1716"]

1. b3 d5 2. e3 e5 3. g3 e4 4. Bb2 f6 5. d3 exd3 6. Qxd3 c6 7. c4 dxc4 8. bxc4
Bb4+ 9. Bc3 Qxd3 10. Bxd3 Bxc3+ 11. Nxc3 Ne7 12. h4 O-O 13. f4 Nf5 14. Bxf5 Bxf5
15. Nf3 Na6 16. O-O Rfe8 17. Kf2 Rad8 18. Nd4 Bd3 19. Rfd1 Bxc4 20. f5 Nc5 21.
Ne6 Nxe6 22. fxe6 Bxe6 23. Ne4 Bd5 24. Nc3 Kf7 25. e4 Bc4 26. Kf3 f5 27. Rxd8
fxe4+ 28. Nxe4 Rxd8 29. a4 Bd5 30. Rf1 Bxe4+ 31. Kxe4+ Ke7 32. Rb1 Rd7 33. Ke5
a5 34. h5 g6 35. Rh1 Rd5+ 36. Ke4 Rxh5 37. Re1 Kf7 38. g4 Rh4 39. Kf4 h5 40. Kg5
Rxg4+ 41. Kh6 Rxa4 42. Rf1+ Ke7 43. Kxg6 Kd7 44. Kxh5 Kc7 45. Rf7+ Kb6 46. Kg5
Ra1 47. Rd7 a4 48. Kf5 a3 49. Ke6 a2 50. Rd2 Re1+ 51. Kd6 a1=Q 52. Rd3 Qf6+ 53.
Kd7 Re7+ 54. Kc8 Qf8+ 55. Rd8 Rc7+ 56. Kb8 Qxd8# 0-1

[Event "AUTO-INT-669"]
[Site "http://www.queenalice.com/game.php?id=296061"]
[Date "2007.10.31"]
[Round "1"]
[White "SGrillo"]
[Black "renan_lelis"]
[Result "1-0"]
[WhiteElo "1669"]
[BlackElo "1335"]

1. e4 g6 2. d4 e6 3. e5 d5 4. Nf3 f6 5. exf6 Nxf6 6. Bd3 b6 7. O-O a5 8. h3 Ba6
9. Bxa6 Nxa6 10. c3 h5 11. Ne5 Rg8 12. Bg5 Bg7 13. Bxf6 Bxf6 14. Re1 Qd6 15. Qf3
Rf8 16. Nxg6 Rf7 17. Qxh5 Kd7 18. Ne5+ Bxe5 19. Qxf7+ Qe7 20. Qxe7+ Kxe7 21.
Rxe5 Rf8 22. Nd2 Nb8 23. Rae1 Nd7 24. Rxe6+ Kf7 25. Re7+ Kg6 26. Rxd7 c6 27.
Re6+ Kf5 28. Rxc6 Kg5 29. Rxd5+ Kf4 30. Rxb6 a4 31. Rdd6 Re8 32. Kf1 Re7 33. Ra6
Kg5 34. Ra5+ Kf4 35. Rf6# 1-0

[Event "Challenge"]
[Site "http://www.queenalice.com/game.php?id=300718"]
[Date "2007.11.8"]
[Round "-"]
[White "otnedia1"]
[Black "renan_lelis"]
[Result "1-0"]
[WhiteElo "1351"]
[BlackElo "1368"]

1. e4 e6 2. Nf3 f6 3. Bc4 d5 4. Bb5+ c6 5. Ba4 b5 6. Bb3 c5 7. exd5 c4 8. dxe6
cxb3 9. O-O Bxe6 10. Re1 Qd7 11. axb3 Nc6 12. Nc3 O-O-O 13. Nxb5 Bg4 14. h3 Bxf3
15. Qxf3 a6 16. Rxa6 Nge7 17. Rxe7 Bxe7 18. Rxc6+ Kb8 19. Rb6+ Kc8 20. Qa8# 1-0

[Event "Challenge"]
[Site "http://www.queenalice.com/game.php?id=302353"]
[Date "2007.11.11"]
[Round "-"]
[White "renan_lelis"]
[Black "Dani"]
[Result "1-0"]
[WhiteElo "1405"]
[BlackElo "1294"]

1. e3 e5 2. d4 exd4 3. exd4 Ne7 4. g3 g6 5. b3 Bg7 6. Bg2 Nbc6 7. Bxc6 bxc6 8.
a4 d5 9. h4 Bxd4 10. Qxd4 Rg8 11. Bg5 Rb8 12. Nd2 Rb6 13. a5 Rb7 14. a6 Nf5 15.
Qc5 Rb6 16. Bxd8 Kxd8 17. g4 Nd6 18. c4 Bxa6 19. Ngf3 f5 20. O-O fxg4 21. Ng5
Re8 22. Rfe1 Rh8 23. Nf7+ Kd7 24. Nxh8 h6 25. Nxg6 h5 26. Re7+ Kd8 27. Rae1 Ne4
28. Nxe4 d4 29. Qxd4+ Kc8 30. c5 Rxb3 31. Qd7+ Kb8 32. Qxc7+ Ka8 33. Re8+ Bc8
34. Qxc8+ Rb8 35. Qxb8# 1-0

[Event "AUTO-INT-688"]
[Site "http://www.queenalice.com/game.php?id=306220"]
[Date "2007.11.18"]
[Round "1"]
[White "renan_lelis"]
[Black "umdoistresredondoredondo"]
[Result "0-1"]
[WhiteElo "1339"]
[BlackElo "1702"]

1. e3 e5 2. d4 exd4 3. exd4 Nf6 4. c3 d5 5. g3 Bd6 6. h4 Bg4 7. f3 Bxg3+ 8. Ke2
Qe7+ 9. Kd2 Ne4+ 10. fxe4 Bxd1 11. Kxd1 Qxe4 12. Ne2 Qxh1 13. Nxg3 Qf3+ 14. Ne2
Qxf1+ 15. Kd2 O-O 16. Na3 Re8 17. Ng3 Qe1+ 18. Kd3 Qxg3+ 19. Kc2 Re2+ 20. Kb3
Qxh4 21. Nb5 Qf6 22. Nxc7 Qb6+ 23. Ka3 Qxc7 24. Kb3 a5 25. Ka4 b5+ 26. Kxb5 Qc6#
0-1

[Event "AUTO-INT-688"]
[Site "http://www.queenalice.com/game.php?id=306221"]
[Date "2007.11.18"]
[Round "1"]
[White "umdoistresredondoredondo"]
[Black "renan_lelis"]
[Result "1-0"]
[WhiteElo "1721"]
[BlackElo "1337"]

1. e4 e5 2. Nf3 d6 3. d4 f6 4. h3 g5 5. dxe5 dxe5 6. Qxd8+ Kxd8 7. Bc4 Ne7 8.
O-O b6 9. Nc3 a5 10. Nd5 Nxd5 11. Bxd5 c6 12. Bb3 a4 13. Bxg5 fxg5 14. Nxg5 Nd7
15. Nf7+ Ke8 16. Nxh8 axb3 17. axb3 Rxa1 18. Rxa1 Nc5 19. Ra8 Kd7 20. Nf7 Ne6
21. Nxe5+ Kc7 22. Ra7+ Kd6 23. Nc4+ Kc5 24. Rxh7 Nd4 25. Rf7 Ne6 26. h4 Bh6 27.
Kh2 Nd4 28. c3 Nxb3 29. Ne5 b5 30. Rf6 Bg7 31. Rxc6# 1-0

[Event "AUTO-INT-688"]
[Site "http://www.queenalice.com/game.php?id=306222"]
[Date "2007.11.18"]
[Round "1"]
[White "renan_lelis"]
[Black "demonsword"]
[Result "0-1"]
[WhiteElo "1351"]
[BlackElo "1466"]

1. g3 e6 2. Bg2 d5 3. d3 Nc6 4. b3 b5 5. Bd2 a5 6. h4 a4 7. Nc3 b4 8. Nb1 a3 9.
c3 bxc3 10. Nxc3 Nf6 11. Bg5 h6 12. Bxf6 Qxf6 13. Nb5 Ra5 14. Nxc7+ Kd7 15. Rc1
Kxc7 16. Qc2 Bb7 17. b4 Bxb4+ 18. Kd1 Qxf2 19. Bh3 Qe1# 0-1

[Event "AUTO-INT-688"]
[Site "http://www.queenalice.com/game.php?id=306223"]
[Date "2007.11.18"]
[Round "1"]
[White "demonsword"]
[Black "renan_lelis"]
[Result "0-1"]
[WhiteElo "1477"]
[BlackElo "1333"]

1. e4 e5 2. f3 g6 3. Nh3 f6 4. d4 h5 5. dxe5 fxe5 6. Bg5 Be7 7. f4 d6 8. Nc3
Bxg5 9. Nxg5 exf4 10. h4 b6 11. a4 c6 12. b4 Bg4 13. Be2 d5 14. Bxg4 Nf6 15. Ne6
Qe7 16. Bh3 Na6 17. e5 Ne4 18. Nxe4 dxe4 19. b5 Qb4+ 20. Qd2 e3 21. bxa6 Qxd2+
22. Kf1 Qf2# 0-1

[Event "revanche"]
[Site "http://www.queenalice.com/game.php?id=326264"]
[Date "2007.12.26"]
[Round "-"]
[White "renatalelis"]
[Black "renan_lelis"]
[Result "0-1"]
[WhiteElo "1287"]
[BlackElo "1417"]

1. e4 e6 2. b4 c5 3. bxc5 Bxc5 4. d4 Bf8 5. Ba3 Bxa3 6. Nxa3 h5 7. g3 Qa5+ 8.
Ke2 Qxa3 9. f4 f5 10. exf5 exf5 11. Nf3 b6 12. h3 Bb7 13. Ng5 Bxh1 14. c3 Qxc3
15. Qc1 Qxd4 16. g4 hxg4 17. hxg4 fxg4 18. Rb1 Be4 19. Rb3 Rh1 20. Qe1 Rh2+ 21.
Bg2 Rxg2+ 22. Qf2 Rxf2+ 23. Ke1 Qd2# 0-1

[Event "AUTO-INT-733"]
[Site "http://www.queenalice.com/game.php?id=327335"]
[Date "2007.12.28"]
[Round "1"]
[White "renan_lelis"]
[Black "Bixu"]
[Result "0-1"]
[WhiteElo "1429"]
[BlackElo "1680"]

1. d4 Nc6 2. e3 d5 3. c3 g6 4. Bb5 h5 5. Bxc6+ bxc6 6. b3 e6 7. a4 e5 8. dxe5
Bg4 9. f3 Be6 10. h4 Be7 11. Qd4 c5 12. Qf4 Nh6 13. e4 g5 14. hxg5 dxe4 15. gxh6
Bg5 16. Qxe4 Bd5 17. Bxg5 Qxg5 18. Qxd5 O-O 19. Qxc5 Qxh6 20. Qxc7 Qe3+ 0-1

[Event "AUTO-INT-733"]
[Site "http://www.queenalice.com/game.php?id=327336"]
[Date "2007.12.28"]
[Round "1"]
[White "Bixu"]
[Black "renan_lelis"]
[Result "1-0"]
[WhiteElo "1673"]
[BlackElo "1436"]

1. e4 e6 2. e5 d6 3. Nf3 c5 4. Bb5+ Bd7 5. Bd3 Nc6 6. c3 dxe5 7. Bb5 e4 8. Ng1
Ne5 9. Ba4 b5 10. Bc2 Qf6 11. d4 Ng4 12. Qxg4 Nh6 13. Qxe4 Rc8 14. Ne2 Bc6 15.
Qe5 cxd4 16. cxd4 a6 17. Bg5 Ng4 18. Bxf6 Nxe5 19. Bxe5 f6 20. Bg3 1-0

[Event "AUTO-INT-733"]
[Site "http://www.queenalice.com/game.php?id=327337"]
[Date "2007.12.28"]
[Round "1"]
[White "renan_lelis"]
[Black "FeralPawn"]
[Result "0-1"]
[WhiteElo "1428"]
[BlackElo "1705"]

1. b3 e5 2. e4 Nf6 3. d4 Nxe4 4. dxe5 Bb4+ 5. Bd2 Nxd2 6. Nxd2 O-O 7. a3 Bc5 8.
Ne4 Bb6 9. Bd3 d6 10. f4 dxe5 11. fxe5 Nd7 12. h4 Nxe5 13. Qe2 Qd4 14. Nf3 Qxa1+
15. Qd1 Nxd3+ 16. cxd3 Qxa3 17. Ne5 Ba5+ 18. Ke2 Qe7 19. Nc4 Bg4+ 20. Ke3 Bxd1
21. Rxd1 Bb6+ 22. Kf3 Qxh4 23. g3 Qh5+ 24. g4 Qh3+ 25. Kf4 f5 26. gxf5 Rxf5# 0-1

[Event "AUTO-INT-733"]
[Site "http://www.queenalice.com/game.php?id=327338"]
[Date "2007.12.28"]
[Round "1"]
[White "FeralPawn"]
[Black "renan_lelis"]
[Result "1-0"]
[WhiteElo "1791"]
[BlackElo "1418"]

1. e4 d5 2. exd5 Qxd5 3. Nc3 Qf5 4. d4 b6 5. Bd3 Qe6+ 6. Nge2 g6 7. Be4 c6 8.
O-O f5 9. d5 Qd6 10. Bf4 Qf6 11. Bd3 cxd5 12. Nxd5 Qc6 13. a4 Qxd5 14. Bb5+ Qxb5
15. axb5 h5 16. Re1 Nf6 17. Nd4 Nbd7 18. Nc6 Rh7 19. Nxa7 Bb7 20. Nc6 Rxa1 21.
Qxa1 Kf7 22. Ne5+ Nxe5 23. Bxe5 Nd5 24. Qa2 e6 25. Qa7 Kg8 26. Qb8 h4 27. Bd6
Rf7 28. Rxe6 1-0

[Event "AUTO-INT-733"]
[Site "http://www.queenalice.com/game.php?id=327339"]
[Date "2007.12.28"]
[Round "1"]
[White "renan_lelis"]
[Black "imcute"]
[Result "0-1"]
[WhiteElo "1401"]
[BlackElo "1823"]

1. e3 e5 2. g3 d5 3. d4 e4 4. h4 c5 5. a4 Nc6 6. a5 Nxa5 7. Bd2 f5 8. Bxa5 Qxa5+
9. Rxa5 b6 10. Ra3 cxd4 11. Qxd4 Nf6 12. Be2 Bxa3 13. bxa3 O-O 14. Nc3 Be6 15.
Nb5 Rfc8 16. Nd6 Rxc2 17. Bd1 Rc6 18. Nb5 a6 19. Nc3 Rac8 20. Nge2 Nd7 21. Nxd5
Kf8 22. Nef4 Bg8 23. O-O Rd6 24. Bb3 Nc5 25. Rc1 Rcd8 26. Qe5 R6d7 27. Ne6+ Bxe6
28. Rd1 Bf7 29. Kg2 Nd3 30. Qxf5 Rxd5 0-1

[Event "AUTO-INT-733"]
[Site "http://www.queenalice.com/game.php?id=327340"]
[Date "2007.12.28"]
[Round "1"]
[White "imcute"]
[Black "renan_lelis"]
[Result "1-0"]
[WhiteElo "1829"]
[BlackElo "1444"]

1. e4 e6 2. d4 d5 3. exd5 exd5 4. c4 dxc4 5. Nf3 b5 6. Ne5 c5 7. d5 f6 8. Qh5+
g6 9. Nxg6 hxg6 10. Qxh8 Nh6 11. Bxh6 Qe7+ 12. Be2 Bf5 13. Nc3 a6 14. O-O Nd7
15. Rfe1 Qf7 16. Bxc4+ Ne5 17. f4 O-O-O 18. Bxf8 Rxf8 19. Qh4 Nxc4 20. b3 Na3
21. Re2 g5 22. fxg5 fxg5 23. Qxg5 Bd3 24. Ree1 Rg8 25. Qe3 Qg7 26. Qe6+ Kd8 27.
Qd6+ Kc8 28. Qxc5+ Kb7 29. Re7+ Kb8 30. Qc7+ 1-0

[Event "AUTO-INT-750"]
[Site "http://www.queenalice.com/game.php?id=335291"]
[Date "2008.1.12"]
[Round "1"]
[White "quifaiquoi"]
[Black "renan_lelis"]
[Result "1-0"]
[WhiteElo "1902"]
[BlackElo "1448"]

1. c4 e6 2. Nc3 g6 3. Nf3 Bg7 4. g3 b6 5. Bg2 h5 6. d4 Bb7 7. O-O f6 8. d5 e5 9.
e4 c6 10. Nh4 d6 11. Nxg6 Ba6 12. Nxh8 Bxh8 13. Qxh5+ Ke7 14. dxc6 1-0

[Event "AUTO-INT-750"]
[Site "http://www.queenalice.com/game.php?id=335292"]
[Date "2008.1.12"]
[Round "1"]
[White "renan_lelis"]
[Black "quifaiquoi"]
[Result "0-1"]
[WhiteElo "1446"]
[BlackElo "1904"]

1. e3 d5 2. b3 Nf6 3. Bb2 e6 4. g3 Be7 5. h4 c5 6. d3 b6 7. a4 Bb7 8. Bxf6 Bxf6
9. Ra2 Nc6 10. Bg2 Nb4 11. Ra3 Bb2 12. c3 Bxa3 13. cxb4 Bxb4+ 0-1

[Event "AUTO-INT-750"]
[Site "http://www.queenalice.com/game.php?id=335307"]
[Date "2008.1.12"]
[Round "1"]
[White "ricardosf"]
[Black "renan_lelis"]
[Result "1-0"]
[WhiteElo "1635"]
[BlackElo "1408"]

1. Nc3 b6 2. e3 g6 3. Bc4 Bg7 4. Qf3 e6 5. Qxa8 Nc6 6. Ba6 Bxa6 7. Qxd8+ Nxd8 8.
Ne4 Nh6 9. h4 Bb7 10. Ng5 Bf6 11. d4 Nc6 12. b3 Nb4 13. Kd1 1-0

[Event "AUTO-INT-750"]
[Site "http://www.queenalice.com/game.php?id=335308"]
[Date "2008.1.12"]
[Round "1"]
[White "renan_lelis"]
[Black "ricardosf"]
[Result "0-1"]
[WhiteElo "1416"]
[BlackElo "1627"]

1. e3 b6 2. b3 Ba6 3. Bxa6 Nxa6 4. h4 e6 5. g3 Nb4 6. Ba3 a5 7. Qf3 Nxc2+ 8. Kd1
Nxa1 9. Bb2 Nxb3 10. axb3 a4 11. Na3 Bb4 12. Qg4 axb3 13. Qxb4 c5 0-1

[Event "AUTO-INT-750"]
[Site "http://www.queenalice.com/game.php?id=335319"]
[Date "2008.1.12"]
[Round "1"]
[White "renan_lelis"]
[Black "Stratego"]
[Result "0-1"]
[WhiteElo "1423"]
[BlackElo "1707"]

1. e3 e5 2. g3 Nf6 3. Bg2 c6 4. d4 e4 5. c4 Bb4+ 6. Bd2 Bxd2+ 7. Nxd2 d5 8. a4
Be6 9. h3 Nbd7 10. Bf1 Nf8 11. cxd5 cxd5 12. g4 Ng6 13. Qc2 O-O 0-1

[Event "AUTO-INT-750"]
[Site "http://www.queenalice.com/game.php?id=335320"]
[Date "2008.1.12"]
[Round "1"]
[White "Stratego"]
[Black "renan_lelis"]
[Result "1-0"]
[WhiteElo "1701"]
[BlackElo "1442"]

1. e4 e6 2. Nf3 g6 3. d4 b6 4. Nc3 a5 5. Bd3 d5 6. e5 Bb4 7. Bd2 Bxc3 8. Bxc3 h5
9. Bd2 Ba6 10. Bxa6 Nxa6 11. c3 c5 12. Bg5 f6 13. exf6 Nxf6 14. Qe2 1-0